000 00310nam a2200133Ia 4500
005 20251222155106.0
008 251222s9999||||xx |||||||||||||| ||spa||
082 _aENC. 07.4
100 _aCumbre,
245 0 _aEnc. Ilustrada Cumbre Tomo 4 CH-D-E.
250 _a1ra. ed.
264 _bCumbre
942 _cLIB
999 _c37861
_d37861